000 00574nam a2200181Ia 4500
003 GCL
008 140319s9999 xx 000 0 ara d
040 _aGCL /
_cGCL
082 0 4 _a822.043
_bا هـ
100 1 _aعبدالمنعم العالم
245 1 0 _aالهلاك /
_cعبدالمنعم العالم
700 1 _aالين, جيم
260 _a[S.N] :
_bدار ابن رشد للطباعة والنشر ،
_c1992
490 _a
650 0 4 _aالمسرحيات الانجليزية
650 0 4 _aالادب الانجليزى المترجم
942 _2ddc
_cBK
999 _c36114
_d36114